000 00454nam a2200145 4500
999 _c6172
_d6172
008 170210b xxu||||| |||| 00| 0 eng d
082 _aDPer 910.5 T69 Jan-Aug 2015 v. 1-4
100 _918650
_aAñonuevo, Klara Iskra
245 _aLa visa loca/
_cKlara Iskra Añonuevo.
260 _aPhilippines:
_bOne Mega Group,
_c©2015.
300 _av1, page 42;
_c28 cm.
500 _aTravel Now.
650 0 _918651
_aTravel
_xVisa application
942 _2ddc
_cPER